000 00788nam a2200277 i 4500
001 C2-0055038
003 PPAK
005 20190630222101.0
008 970226s1991 my a|||| ||||| | eng d
020 _a9836214321
040 _aPPAK
_beng
_cPPAK
_erda
082 0 4 _a686.209
_223
090 0 0 _a686.209
_bBYR
_dG
090 0 0 _a686.209
_bBYR
_dKIH
090 0 0 _a686.209
_bBYR
_dKK
090 0 0 _a686.209
_bBYR
_dKMI
100 1 _aByrd, Cecil K.,
_eauthor
245 1 0 _aPercetakan awal di jajahan Selat 1806-1858
264 1 _aKuala Lumpur :
_bDewan Bahasa dan Pustaka ,
_c1991
300 _axix, 79 pages :
_billustrations ;
_c24 cm
336 _2rdacontent
_atext
337 _2rdamedia
_aunmediated
338 _2rdacarrier
_avolume
650 1 0 _aPrinting - History.
942 _ddc
_cB
999 _c6843
_d6843